Harvard business essentials : Hiring and keeping the best people

Hiring an all-star workforce and keeping it in place is a challenge for any organization. Packed with hands-on tips and tools, Hiring and Keeping the Best People offers managers comprehensive advice for hiring more effectively and increasing retention.

Enregistré dans:
Détails bibliographiques
Format: Livre
Langue:Undetermined
Publié: Boston, MA Harvard Business School Press 2002
Sujets:
Tags: Ajouter un tag
Pas de tags, Soyez le premier à ajouter un tag!
Thư viện lưu trữ: Trung tâm Học liệu Trường Đại học Cần Thơ
LEADER 00807nam a2200193Ia 4500
001 CTU_112726
008 210402s9999 xx 000 0 und d
020 |c 319200 
082 |a 658.31 
082 |b H339 
245 0 |a Harvard business essentials : 
245 0 |b Hiring and keeping the best people 
260 |a Boston, MA 
260 |b Harvard Business School Press 
260 |c 2002 
520 |a Hiring an all-star workforce and keeping it in place is a challenge for any organization. Packed with hands-on tips and tools, Hiring and Keeping the Best People offers managers comprehensive advice for hiring more effectively and increasing retention. 
650 |a Employee selection,Employee retention,Employee motivation 
904 |i Minh 
980 |a Trung tâm Học liệu Trường Đại học Cần Thơ